000 00447nam a22001697a 4500
005 20230130065103.0
008 230130b |||||||| |||| 00| 0 eng d
020 _a978-93-5115-432-7
082 _a684.1 T531 2015
110 _a3G Elearning
_eauthor
245 _aFurniture making /
_c3G Elearning
260 _aUAE:
_b3G Elearning,
_cc2015.
300 _avii, 267p.;
_bill.
541 _e5753
650 _aFurniture making
650 _aWoodwork
999 _c746
_d746